Statistics for South America - True or False?

Click here to take the quiz!

General Stats

  • This quiz has been taken 30 times
  • The average score is 18 of 25

Answer Stats

QuestionAnswer% Correct
Colombia has more native Spanish speakers than SpainTrue
92%
Argentina successfully invaded the Falkland Islands, annexing the territory that was once part of the United KingdomFalse
88%
The Atacama Desert, located in Chile is the driest nonpolar desert in the world and also has the highest elevationTrue
88%
Buenos Aires is the most populated city in South AmericaFalse
83%
Manaus is a major Brazilian city located in the Amazon forestTrue
83%
Brasilia, the Brazilian capital city has the shape of a plane, and did not exist until 1960True
83%
France's longest international border is with Brazil, through French GuianaTrue
83%
Quechua is an indigenous language and also official in Bolivia, Ecuador and PeruTrue
83%
Machu Picchu was once an Incan city located in modern BoliviaFalse
79%
The Angel Falls, located in Venezuela is the longest waterfall in the worldTrue
79%
Nearly 90% of the Uruguayan population are European descendantsTrue
79%
The Iguazu Falls is located at the border between Argentina, Brazil and UruguayFalse
75%
The Southern Common Market (Mercosur/Mercosul) is a trade bloc nowadays formed by Argentina, Brazil, Paraguay and Uruguay, in which they suspended Venezuela from the bloc in 2016True
75%
Argentina, Chile, Paraguay, Uruguay and Southern Brazil are part of a region called "Southern Cone"True
75%
Barranquilla is the second-largest city in ColombiaFalse
71%
Brazilian Northeast was once invaded by the NetherlandsTrue
67%
Bolivia once had a coast in the Pacific Ocean, but lost it in a war against ChileTrue
67%
Nearly 65% of the Argentinian population has German ancestryFalse
63%
Portuguese is the most spoken language in South AmericaFalse
63%
Argentina is the second most populated country in the continent, just after BrazilFalse
63%
Between 1864 and 1870, Argentina, Brazil and Uruguay fought against Paraguay in a war that killed two-thirds of its total population, including 90% of Paraguayan menTrue
63%
Quito is the capital and largest city in EcuadorFalse
54%
Before its independence, Paraguay was once part of the Brazilian Empire as province called CisplatinaFalse
46%
Bolivia has the highest point on land on the continentFalse
46%
Chile is the richest and most developed country on the continentTrue
46%

Score Distribution

Percentile by Number Answered

Percent of People with Each Score

Your Score History

You have not taken this quiz